000 00482nam a22001697a 4500
005 20241217112842.0
008 241217b |||||||| |||| 00| 0 eng d
020 _a9780931054754
050 _aP90
_bPAY
100 _aPAYNE, JAMES
245 _aAPPLICATIONS.COMMUNICATION ;
_bFOR PERSONAL AND PROFESSIONAL CONTEXT/
260 _aTOPEKA
_bCLARK PUBLISHING, INC
_cc2000
300 _axvii,526p;
_bill.;
500 _aincludes glossary
700 _aCARLIN, DIANA
942 _2lcc
_cBK
_n0
999 _c2382
_d2382